000 00986nam a2200289 a 4500
001 000022570
005 20200930021700.0
008 101013s2002 es 001 0 spa d
020 _a8474324912
040 _aDO-SdBNP
_bspa
_cBNPHU
082 _aR616.8915603
_bS593L
100 1 _aSimón Fritz B.
_946455
240 1 4 _aThe language of family therapy
_lespañol
245 1 0 _aVocabulario de terapia familiar /
_cFritz B. Simón, Helm Stierlin, Lyman C. Wynne ; traductora Beatriz López.
260 _aBarcelona :
_bGedisa,
_c2002.
_fCarvigraf
300 _a460 p. ;
_c23 cm.
490 1 _aTerapia Familiar
500 _aTraducido del inglés.
504 _aBibliografía al final de vocablos.
650 4 _aPsicoterapia familiar
_xDiccionarios
_946456
700 1 _aWynne, Lyman C.
_946457
700 1 _aStierlin, Helm
_946458
700 1 _aLópez, Beatriz,
_etr.
_946459
830 0 _aTerapia Familiar
_911032
910 _aValidado. Control de calidad EMS.
049 _aBNPD
999 _c22067
_d22067